Pays ayant les noms de capitales les plus longs - Statistiques

Statistiques générales
  • Ce quiz a été pris 135 fois
  • Le résultat moyen est 19 sur 34
Statistiques - réponses
Nombre de Lettres (capitale) Pays % Correct
10 États-Unis
83%
23 Sri Lanka
82%
12 Madagascar
73%
11 Argentine
72%
10 Mongolie
70%
10 Nouvelle-Zélande
69%
10 Luxembourg
63%
11 Congo
62%
11 Malaisie
61%
12 Afrique du Sud
60%
16 Andorre
60%
17 Brunei
58%
11 Burkina Faso
58%
10 Uruguay
58%
11 Honduras
57%
13 République dominicaine
56%
10 Éthiopie
55%
10 Suriname
55%
10 Danemark
53%
10 Saint-Christophe-et-Niévès
53%
10 Somalie
53%
12 Haïti
52%
11 Papouasie-Nouvelle-Guinée
52%
12 Côte d'Ivoire
51%
10 Guyana
50%
10 Slovaquie
50%
10 Mauritanie
47%
11 Salvador
46%
10 Antigua-et-Barbuda
45%
12 Trinité-et-Tobago
45%
10 Saint-Marin
44%
10 Barbade
42%
12 Grenade
39%
10 Gabon
32%
Aucun quiz correspondant
Distribution des résultats
% des personnes avec chaque résultat
Percentile par nombre de réponses
Votre historique - résultats
Vous n’avez pas pris ce quiz